| 000 | 00000nam 2200000za 4500 |
| 001 | 9.642715 |
| 003 | CaOODSP |
| 005 | 20210624223833 |
| 007 | cr ||||||||||| |
| 008 | 150407s2013 oncbo #o f000 0 fre d |
| 020 | |a978-0-660-21604-1 |
| 040 | |aCaOODSP|bfre |
| 043 | |an-cn--- |
| 086 | 1 |aCW66-361/2013F-PDF |
| 245 | 00|aRéserve nationale de faune de la vallée Widgeon |h[ressource électronique]. |
| 260 | |aOttawa : |bEnvironnement Canada, |cc2014. |
| 300 | |a1 p. : |bcarte, photographies |
| 500 | |aPubl. aussi en format HTML. |
| 692 | 07|2gccst|aGestion de la faune |
| 692 | 07|2gccst|aAire de conservation |
| 710 | 2 |aService canadien de la faune. |
| 775 | 08|tWidgeon Valley National Wildlife Area |w(CaOODSP)9.698712 |
| 856 | 40|qPDF|s522 Ko|uhttps://publications.gc.ca/collections/collection_2015/ec/CW66-361-2013-fra.pdf |
| 856 | 4 |qHTML|sS.O.|uhttps://www.canada.ca/fr/environnement-changement-climatique/services/reserves-nationales-faune/existantes/vallee-widgeon/depliant.html |